| 000 | 01025nmm a2200313 a 4500 | ||
|---|---|---|---|
| 003 | AR-BaBNM | ||
| 005 | 20251128211334.0 | ||
| 008 | 274020s2002 ||||||||||||||000 | spa|| | ||
| 020 | _a950-531-182-6 | ||
| 040 | _cAR-BaBNM | ||
| 100 | 1 | _aIncarbone, Oscar | |
| 245 | 1 | 0 |
_aJuguemos en el jardín _bel juego y la actividad física en la Educación Inicial (de 2 a 6 años) |
| 250 | _a1ª ed. | ||
| 260 |
_aBuenos Aires _bStadium _c2002 |
||
| 300 |
_a301 p. _bil., gráfs., cuadros |
||
| 500 | _aPara docentes de Nivel Inicial, profesores de Educación Física, técnicos en Recreación y padres | ||
| 500 | _aContiene glosario en p.276 | ||
| 504 | _aContiene referencias bibliográficas en p. 298 | ||
| 650 | 4 | _aJUEGOS EDUCATIVOS | |
| 650 | 4 | _aJUEGOS INFANTILES | |
| 650 | 4 | _aPSICOMOTRICIDAD | |
| 650 | 4 | _aDESARROLLO AFECTIVO | |
| 650 | 4 | _aDESARROLLO SOCIAL | |
| 650 | 4 | _aDESARROLLO DE DESTREZAS | |
| 653 | _aJARDINES DE INFANTES | ||
| 653 | _aESTRATEGIAS EDUCATIVAS | ||
| 942 | _cBK | ||
| 998 | _cEugenia | ||
| 999 |
_c19233 _d19233 |
||